000 00170nam a22000857a 4500
082 _a823
100 _aENID BLYTON
245 _aTHE NAUGHTIEST GIRL IN THE SCHOOL
942 _cBK
999 _c8447
_d8447